[Event "FIDE World Uni Rapid-E 1st"]
[Site "Tornelo INT"]
[Date "2021.03.20"]
[Round "4"]
[White "Raja, Harshit"]
[Black "Easton, Jack R"]
[Result "1-0"]
[WhiteElo "2472"]
[BlackElo "2175"]
[PlyCount "103"]
[EventDate "2021.03.20"]
[EventType "swiss (rapid)"]
[EventRounds "12"]
[EventCountry "NET"]
[SourceTitle "EXT 2022"]
[Source "ChessBase"]
[SourceDate "2021.10.06"]
[SourceVersion "1"]
[SourceVersionDate "2021.10.06"]
[SourceQuality "1"]

1. e4 c5 2. Nf3 Nc6 3. Bb5 e6 4. 0-0 Nge7 5. Re1 a6 6. Bf1 d5 7. exd5 Nxd5 8. d4 Nf6 9. Be3 cxd4 10. Nxd4 Bd7 11. c4 Be7 12. Nc3 0-0 13. a3 Qc7 14. h3 Rfd8 15. Qc2 Rac8 16. Rad1 Be8 17. b4 Qb8 18. Nxc6 Bxc6 19. Bb6 Rxd1 20. Rxd1 Qe5 21. Qd2 h6 22. Re1 Qd6 23. Qe3 Nd7 24. Rd1 Qe5 25. b5 axb5 26. cxb5 Bd5 27. Nxd5 exd5 28. Qxe5 Nxe5 29. Rxd5 Nc4 30. Bxc4 Rxc4 31. Rd7 Bxa3 32. Rxb7 Bc5 33. Bxc5 Rxc5 34. Kf1 Rc2 35. g4 Rb2 36. Kg2 Rb3 37. b6 g5 38. Rb8+ Kg7 39. f3 Rb2+ 40. Kf1 Rb3 41. Ke2 Kh7 42. Kd2 Rxf3 43. Kc2 Rf2+ 44. Kc3 Rf1 45. Rd8 Rb1 46. Rd6 h5 47. Kd4 hxg4 48. hxg4 Kg7 49. Kc5 Kf8 50. Kc6 Ke7 51. Kc7 f6 52. Rc6 1-0

[Event "Pan American Intercollegiate-chT"]
[Site "Chess.com INT"]
[Date "2021.01.06"]
[Round "7"]
[White "Baradaran, Arman"]
[Black "Easton, Jack R"]
[Result "1/2-1/2"]
[WhiteElo "1980"]
[BlackElo "2175"]
[PlyCount "145"]
[EventDate "2021.01.04"]
[EventType "team-swiss (rapid)"]
[EventRounds "9"]
[EventCountry "USA"]
[SourceTitle "CBM 200 Extra"]
[Source "ChessBase"]
[SourceDate "2021.03.31"]
[SourceVersion "1"]
[SourceVersionDate "2021.03.31"]
[SourceQuality "1"]
[WhiteTeam "Berkeley California Univ III"]
[BlackTeam "Texas Dallas Univ IV"]
[WhiteTeamCountry "USA"]
[BlackTeamCountry "USA"]

1. d4 d5 2. c4 dxc4 3. Nf3 Nf6 4. e3 e6 5. Bxc4 a6 6. 0-0 b5 7. Bd3 Bb7 8. Qe2 Nbd7 9. a4 b4 10. e4 c5 11. d5 e5 12. Nbd2 Qc7 13. Nc4 Bd6 14. Nxd6+ Qxd6 15. Nd2 a5 16. Nc4 Qe7 17. f4 0-0 18. fxe5 Nxe5 19. Nxe5 Qxe5 20. Rf5 Qc7 21. Bf4 Qb6 22. Bb5 Ba6 23. Qc4 Bc8 24. Rg5 h6 25. Rg3 Nh5 26. Rf3 Nxf4 27. Rxf4 Qd6 28. Rf2 Ra7 29. Rc1 Rc7 30. Bc6 Bd7 31. Qxc5 Qe5 32. Qe3 Bxc6 33. dxc6 Re8 34. Rc5 Qxe4 35. Qxe4 Rxe4 36. Rd2 Re6 37. Rxa5 Rcxc6 38. Rb5 Re4 39. a5 Ra6 40. b3 Re3 41. Ra2 Rxb3 42. Rb6 Rb1+ 43. Kf2 b3 44. Ra3 b2 45. Rab3 Rxa5 46. Rxb2 Rxb2+ 47. Rxb2 Kh7 48. h3 h5 49. Rb7 Kg6 50. Rb6+ Kg5 51. Rb7 Rf5+ 52. Kg1 h4 53. Ra7 g6 54. Ra2 Rc5 55. Kh2 Rc3 56. Ra4 f5 57. Ra5 Rc2 58. Rb5 Re2 59. Ra5 Kf4 60. Ra4+ Re4 61. Ra8 g5 62. Rf8 Re2 63. Rf7 Re5 64. Rg7 Re2 65. Rf7 Rb2 66. Rf8 Rb5 67. Rg8 g4 68. hxg4 fxg4 69. Rf8+ Rf5 70. Rh8 Kg5 71. Rg8+ Kf4 72. Rh8 Kg5 73. Rg8+ 1/2-1/2

[Event "Pan American Intercollegiate-chT"]
[Site "Chess.com INT"]
[Date "2021.01.04"]
[Round "1"]
[White "Angermeier, Danny"]
[Black "Easton, Jack R"]
[Result "1-0"]
[WhiteElo "2018"]
[BlackElo "2175"]
[PlyCount "71"]
[EventDate "2021.01.04"]
[EventType "team-swiss (rapid)"]
[EventRounds "9"]
[EventCountry "USA"]
[SourceTitle "CBM 200 Extra"]
[Source "ChessBase"]
[SourceDate "2021.03.31"]
[SourceVersion "1"]
[SourceVersionDate "2021.03.31"]
[SourceQuality "1"]
[WhiteTeam "Sacredheart"]
[BlackTeam "Texas Dallas Univ IV"]
[WhiteTeamCountry "USA"]
[BlackTeamCountry "USA"]

1. e4 c5 2. Nf3 Nc6 3. d4 cxd4 4. Nxd4 Nf6 5. Nc3 e5 6. Ndb5 d6 7. Be2 a6 8. Na3 b5 9. Nab1 Bb7 10. Bg5 Be7 11. Bxf6 Bxf6 12. 0-0 Nd4 13. Nd5 Bxd5 14. exd5 Nxe2+ 15. Qxe2 0-0 16. Nd2 g6 17. a4 Qd7 18. axb5 axb5 19. Nb3 Bg7 20. c3 f5 21. Na5 Rfe8 22. Nc6 Qb7 23. Qe3 e4 24. Ra7 Rxa7 25. Qxa7 Qxa7 26. Nxa7 b4 27. cxb4 Bxb2 28. Nc6 f4 29. Re1 Ba3 30. Kf1 Kf7 31. Ra1 Bb2 32. Ra2 Bc3 33. b5 e3 34. b6 Bd2 35. fxe3 fxe3 36. Ke2 1-0

[Event "PNWCC Online Masters Artist Point"]
[Site "Chess.com INT"]
[Date "2020.09.07"]
[Round "8"]
[White "Easton, Jack R"]
[Black "Sharma, Vishruth"]
[Result "1-0"]
[WhiteElo "2175"]
[BlackElo "1766"]
[PlyCount "121"]
[EventDate "2020.09.05"]
[EventType "swiss"]
[EventRounds "9"]
[EventCountry "USA"]
[SourceTitle "CBM 198 Extra"]
[Source "ChessBase"]
[SourceDate "2020.11.30"]
[SourceVersion "1"]
[SourceVersionDate "2020.11.30"]
[SourceQuality "1"]

1. d4 Nf6 2. c4 d6 3. Nf3 g6 4. Nc3 Nbd7 5. e4 e5 6. Be2 Bg7 7. 0-0 0-0 8. Re1 exd4 9. Nxd4 Re8 10. f3 a6 11. Kh1 Ne5 12. Bg5 c5 13. Nc2 h6 14. Bf4 Rb8 15. Bg3 Nh5 16. Bf2 Be6 17. Ne3 Nf4 18. Bf1 Nc6 19. Qd2 Nd4 20. Nc2 g5 21. Nxd4 cxd4 22. Bxd4 Qc7 23. Bxg7 Kxg7 24. Rad1 Red8 25. Qd4+ f6 26. Nd5 Bxd5 27. cxd5 Rdc8 28. g3 Ng6 29. Bh3 Ne5 30. Qe3 Rf8 31. Rc1 Qa5 32. a3 Rf7 33. f4 Ng6 34. Bf5 b5 35. Bxg6 Kxg6 36. e5 b4 37. Qd3+ f5 38. e6 Re7 39. fxg5 hxg5 40. Rf1 Rf8 41. g4 Qb5 42. gxf5+ Kh6 43. Qxb5 axb5 44. f6 Ree8 45. f7 Re7 46. axb4 g4 47. Rf6+ Kg5 48. Rcf1 g3 49. hxg3 Rc7 50. Kg2 Rc2+ 51. R6f2 Rc7 52. Re1 Re7 53. Rc2 Kf6 54. Rc6 Kg7 55. Ra1 Rd8 56. Raa6 Kf8 57. Rxd6 Rc8 58. Rac6 Rec7 59. Rxc7 Rxc7 60. Rc6 Ra7 61. Rc8+ 1-0